000
00264nam a2200109Ia 4500
008
190907s9999||||xx |||||||||||||| ||und||
100
_a
Copi, Cohen
245
0
_a
Introduction To Logic
260
_a
New Delhi
_b
Dorling Kindersley
_c
2009
300
_a
686
942
_c
BK
999
_c
6475
_d
6475